| 000 | 00618nam a2200157 a 4500 | ||
|---|---|---|---|
| 008 | 090204s2008 ||||||||||||||||| || u | ||
| 050 | _aUNCTAD(058) | ||
| 110 | _aUnited Nations Economic and Social Affairs (UNESA) | ||
| 245 | 1 | 0 | _aUNCTAD Handbook of statistics 2008 |
| 260 |
_aNew York _bUNITED NATIONS _c2008 |
||
| 300 | _axlii, 468p. :ill | ||
| 350 | _a0.00 | ||
| 650 | _aECONOMIC STATISTICS | ||
| 650 | _aUNITED NATIONS--STATISTICS | ||
| 995 |
_D0.00 _FCBU-MAIN LIBRARY (Kitwe) _H1 _I0.00 _M1 _UAVAILABLE _WMar 3, 2009 _ZAnnex Low-Usage Collection |
||
| 999 |
_c60614 _d60614 |
||